[Event "ITA-ch blind 46th"]
[Site "Grisolia Lido"]
[Date "2018.09.05"]
[Round "3.8"]
[White "Delmonte, Davide"]
[Black "Pezzolato, Erica"]
[Result "0-1"]
[WhiteElo "1302"]
[BlackElo "1404"]
[PlyCount "66"]
[EventDate "2018.09.03"]
[EventType "swiss"]
[EventRounds "6"]
[EventCountry "ITA"]
[SourceTitle "EXT 2024"]
[Source "ChessBase"]
[SourceDate "2023.10.10"]
[SourceVersion "1"]
[SourceVersionDate "2023.10.10"]
[SourceQuality "1"]

1. d4 Nf6 2. Nf3 g6 3. e3 Bg7 4. c4 d6 5. Bd3 0-0 6. 0-0 Nbd7 7. Nc3 e5 8. Re1 b6 9. e4 Bb7 10. Bg5 exd4 11. Nd5 c6 12. e5 dxe5 13. Nc3 dxc3 14. bxc3 Re8 15. Be4 Qc7 16. c5 Nxc5 17. Qd2 Nfxe4 18. Qe3 Nxg5 19. Nxg5 Ne6 20. Ne4 Rad8 21. Qh3 c5 22. Nf6+ Bxf6 23. Qh6 Qc6 24. f3 Ng5 25. Re3 Re6 26. Kf2 Red6 27. Kg3 Rd3 28. Rxd3 Rxd3 29. Rf1 Rxc3 30. Kg4 Rc4+ 31. Kg3 Rc2 32. Rh1 Rxa2 33. Kg4 Rxg2+ 0-1